La tregua /
Guardado en:
| Autor Principal: | |
|---|---|
| Formato: | Libro |
| Publicado: |
Buenos Aires :
Planeta,
1998
|
| Edición: | 2a. ed. |
| Materias: | |
| Etiquetas: |
Agregar Etiqueta
Sin Etiquetas, Sea el primero en etiquetar este registro!
|
| LEADER | 00561nam a22002055a 4500 | ||
|---|---|---|---|
| 001 | CEM.cems015721 | ||
| 005 | 20130506172341.0 | ||
| 008 | 130507s1998##################000#0#####d | ||
| 003 | CEMS | ||
| 020 | |a 950742797X | ||
| 082 | 0 | 4 | |a U863.4 |
| 100 | 1 | |a Benedetti, Mario | |
| 245 | 1 | 0 | |a La tregua / |c Mario Benedetti, |
| 250 | |a 2a. ed. | ||
| 260 | |a Buenos Aires : |b Planeta, |c 1998 | ||
| 300 | |a 227 p. | ||
| 653 | |a Literatura | ||
| 653 | |a Literatura hispanoamericana | ||
| 653 | |a Literatura uruguaya | ||
| 859 | |a CEMS |b BIB. CEMS - Agricultura |h U863.4 |i B434a2 |p A19667.98 |t Ej.1 | ||
